Ganguly's criminal court practice & procedure / (Record no. 140181)

MARC details
000 -LEADER
fixed length control field 00583nam a22001937a 4500
005 - DATE AND TIME OF LATEST TRANSACTION
control field 20170522111938.0
010 ## - LCCN (DPL NO)
LC control number ENG-118299
020 ## - INTERNATIONAL STANDARD BOOK NUMBER
International Standard Book Number 9788171772995
Terms of availability 2350
035 ## - SYSTEM CONTROL NUMBER
System control number EN-101831
037 ## - SOURCE OF ACQUISITION
Source of stock number/acquisition DBAD/PUB
082 ## - DEWEY DECIMAL CLASSIFICATION NUMBER
Classification number 345.5401
100 ## - MAIN ENTRY--PERSONAL NAME
Personal name Mallick, M.R.
245 ## - TITLE STATEMENT
Title Ganguly's criminal court practice & procedure /
Statement of responsibility, etc by M.R. Mallick And Sukumar Ray
250 ## - EDITION STATEMENT
Edition statement Eleventh Edition
260 ## - PUBLICATION, DISTRIBUTION, ETC. (IMPRINT)
Place of publication, distribution, etc Kolkata
Name of publisher, distributor, etc Eastern Law House
Date of publication, distribution, etc 2016
270 ## - ADDRESS
Address 54 Ganesh Chunder Avenue Kolkata-700013
300 ## - PHYSICAL DESCRIPTION
Extent 2067p
Dimensions 24cm.(Hb)
942 ## - ADDED ENTRY ELEMENTS (KOHA)
Source of classification or shelving scheme Dewey Decimal Classification
Item type English Books
Classification part 345.5401
Call number suffix MAL
Holdings
Withdrawn status Lost status Not for loan Collection code Home library Current library Date acquired Source of acquisition Cost, normal purchase price Full call number Barcode Copy number Cost, replacement price Koha item type
    Not For Loan Non-fiction D.B.Act.Division Bawana 22/05/2017 DBAD/PUB. 2350.00 345.5401 MAL EN-101831 1 2350.00 English Books

© Delhi Public Library
Hit Counter
free hit counter